000 00259nam a2200109Ia 4500
008 200302s9999 xx 000 0 und d
100 _aJoseph Boscheti
245 _aSpaces 4 Water
260 _bThe Emages Publishing Gropup Ltd
260 _c2005
300 _a224
999 _c3734
_d3734